000 00384nam a2200109Ia 4500
008 240129s9999 xx 000 0 und d
100 _aNIGAM, ANKITA
245 0 _aDESIGNING AND DEVELOPMENT OF FACE RECOGNITION MODEL USING COMPLEX WAVELET TRANSFORM WITH HIDDEN MARKOV MODEL
260 _bMEWAR UNIVERSITY, CHITTORGARH
_c2021
650 _aComputer Science & Engineering
942 _cTHE
999 _c218909
_d218909